000 00537nam a22001937a 4500
003 OSt
005 20140520083707.0
008 140507b xxu||||| |||| 00| 0 eng d
020 _a9780071218566
050 _aQL 47.2
_b.H54 2004
100 _aHickman, Cleveland P. Jr.
245 _aIntegrated principles of zoology /
_cCleveland P. Hickman Jr.
250 _a12th ed.
260 _aBoston :
_bMc-Graw Hill,
_cc2004.
300 _axxiii, 872 p. :
_bcol. ill. ;
_c28 cm.
650 _aZoology.
942 _2lcc
_cBK
999 _c115834
_d115834